00805nam a2200217Ia 4500003000900000008004100009020001400050040001600064080002100080245017000101260003900271300001000310650001800320650004100338650002200379700003300401700003400434942000700468999001500475952009700490IN-BaIIA211028s9999 xx 000 0 eng d a0147-2003 cIIA Library a52(082.2)bSRC-3 0aProceedings of the southwest regional conference for astronomy and astrophysics held at Austin, Texas, May 23 1977; vol.cedited by Preston F Gott and Paul S Rihard aTexasbTexas Tech Universityc1977 a196p. aAstronomy980 aAstronomy and astrophysics thesaurus aAstrophysics9794 aGott, Preston F., ed.914838 aRihard, Paul S., ed. 914839 cBK c8819d8819 00104070aBANbBANcGENd1986-09-29l0o52(082.2)/ SRC-3p9697r2021-11-05w1986-09-29yBK